000 00505nam a22001697a 4500
005 20251108172011.0
008 250721s1985 xx 000 0 ara d
082 1 4 _a811.2/جور
100 1 _aغريب، جورج
245 1 0 _aشاعرات العرب في الإسلام /
264 1 _aبيروت :
_bدار الثقافة،
_c1985.
300 _a295ص
490 0 _aالموسوع في الأدب العربي ، 40
650 1 7 _aالشعر الإسلامي
942 _2ddc
_cBK
999 _c67942
_d67942